Statistics for Countries with Costco

Click here to take the quiz!

General Stats

  • This quiz has been taken 29 times
  • The average score is 10 of 12

Answer Stats

# of LocationsCountry% Correct
546United States
100%
29United Kingdom
96%
1France
96%
100Canada
92%
39Mexico
92%
2Spain
88%
1China
88%
26Japan
83%
11Australia
79%
16South Korea
71%
14Taiwan
58%
1Iceland
38%

Score Distribution

Percentile by Number Answered

Percent of People with Each Score

Your Score History

You have not taken this quiz